000 00881nam a2200265Ia 4500
001 12575
003 GE_BSU
008 181216s||||||||xx |||||||||||||| ||und||
020 _a9785756706703
040 _cGE_BSU
080 _a327(075.8)
100 _aДубинин,Ю.А. и др.
245 _aИстория Международных Отношений; Т3 Ялтинско-потсдамская система
245 _cПод.ред:А.В.Торкунова; М.М.Наринского.
260 _aМосква
260 _bАспект-Пресс
260 _c2014
300 _a552стр.24см.
541 _h74Л.
653 _aИстория Международных Отношений.
653 _aПолитика
653 _aЯлтинско-потсдамская система
653 _aპოლიტიკა
942 _cBK
999 _c45748
_d45748